<?xml version="1.0" encoding="UTF-8"?><?xml-stylesheet type="text/xsl" href="static/style.xsl"?><OAI-PMH xmlns="http://www.openarchives.org/OAI/2.0/" xmlns:xsi="http://www.w3.org/2001/XMLSchema-instance" xsi:schemaLocation="http://www.openarchives.org/OAI/2.0/ http://www.openarchives.org/OAI/2.0/OAI-PMH.xsd"><responseDate>2026-06-06T15:12:26Z</responseDate><request verb="GetRecord" identifier="oai:docta.ucm.es:20.500.14352/73094" metadataPrefix="marc">https://docta.ucm.es/rest/oai/request</request><GetRecord><record><header><identifier>oai:docta.ucm.es:20.500.14352/73094</identifier><datestamp>2023-08-26T15:51:38Z</datestamp><setSpec>com_20.500.14352_14</setSpec><setSpec>col_20.500.14352_15</setSpec></header><metadata><record xmlns="http://www.loc.gov/MARC21/slim" xmlns:dcterms="http://purl.org/dc/terms/" xmlns:xsi="http://www.w3.org/2001/XMLSchema-instance" xmlns:doc="http://www.lyncode.com/xoai" xsi:schemaLocation="http://www.loc.gov/MARC21/slim http://www.loc.gov/standards/marcxml/schema/MARC21slim.xsd">
   <leader>00925njm 22002777a 4500</leader>
   <datafield ind2=" " ind1=" " tag="042">
      <subfield code="a">dc</subfield>
   </datafield>
   <datafield ind2=" " ind1=" " tag="720">
      <subfield code="a">Berrocal Casero, Melani</subfield>
      <subfield code="e">author</subfield>
   </datafield>
   <datafield ind2=" " ind1=" " tag="720">
      <subfield code="a">Pérez Valera, Juan Alberto</subfield>
      <subfield code="e">author</subfield>
   </datafield>
   <datafield ind2=" " ind1=" " tag="720">
      <subfield code="a">Reolid, Matías</subfield>
      <subfield code="e">author</subfield>
   </datafield>
   <datafield ind2=" " ind1=" " tag="720">
      <subfield code="a">Gea, Ginés A. de</subfield>
      <subfield code="e">author</subfield>
   </datafield>
   <datafield ind2=" " ind1=" " tag="720">
      <subfield code="a">Espín De Gea, Antonio</subfield>
      <subfield code="e">author</subfield>
   </datafield>
   <datafield ind2=" " ind1=" " tag="720">
      <subfield code="a">Peñalver Aroca, Francisco Manuel</subfield>
      <subfield code="e">author</subfield>
   </datafield>
   <datafield ind2=" " ind1=" " tag="720">
      <subfield code="a">Pérez Valera, Fernando</subfield>
      <subfield code="e">author</subfield>
   </datafield>
   <datafield ind2=" " ind1=" " tag="260">
      <subfield code="c">2023</subfield>
   </datafield>
   <datafield ind2=" " ind1=" " tag="520">
      <subfield code="a">A new Triassic small marine reptile has been found in the locality of Cehegín (Murcia, Southeastern Spain). The fossil remains mainly comprise moulds of the bones and some osseous fragments still embedded in the rock. These correspond to an articulated sauropterygian, being distinguishable the cervical vertebrae in one rock, while the other rock preserves the middle-inferior part of the body, being differentiated some dorsal, sacral and caudal vertebrae, the ribs, the gastralia, part of one forelimb, part of the hindlimbs and some pelvic elements that can be also intuited. The moulds of dorsal vertebrae, the ribs and the gastralia are overlapped, but it can be distinguished that the ribs are pachiostotic and the gastral ribs are constituted by different components (partite gastral ribs). The features of this reptile permit to refer it to Eosauropterygia. This discovery constitutes the most complete sauropterygian found, to date, in the South-Iberian Palaeomargin of the Tethys, and adds new information about the diversity and palaeogeographical distribution of Sauropterygia in the Middle Triassic, indicating that it was greater than previously believed.</subfield>
   </datafield>
   <datafield ind1="8" ind2=" " tag="024">
      <subfield code="a">0024-1164</subfield>
   </datafield>
   <datafield ind1="8" ind2=" " tag="024">
      <subfield code="a">10.18261/let.56.1.4</subfield>
   </datafield>
   <datafield ind1="8" ind2=" " tag="024">
      <subfield code="a">https://hdl.handle.net/20.500.14352/73094</subfield>
   </datafield>
   <datafield ind1="8" ind2=" " tag="024">
      <subfield code="a">https://doi.org/10.18261/let.56.1.4</subfield>
   </datafield>
   <datafield ind2="0" ind1="0" tag="245">
      <subfield code="a">An articulated sauropterygian marine reptile from the Middle Triassic of the South-Iberian Palaeomargin, Betic Cordillera, Southeastern Spain</subfield>
   </datafield>
</record></metadata></record></GetRecord></OAI-PMH>